| 000 | 00000nam 22000008a 4500 |
| 001 | 9.834740 |
| 003 | CaOODSP |
| 005 | 20221107150513 |
| 007 | cr ||||||||||| |
| 008 | 170404s2017 quc o f00| 0 fre d |
| 020 | |a978-0-660-08186-1 |
| 040 | |aCaOODSP|bfre |
| 043 | |an-cn--- |
| 086 | 1 |aCW66-548/2017F-PDF |
| 245 | 00|aAméliorer la capacité de mobilisation et les connaissances sur les plantes traditionnelles dans la savane à chênes noirs de la Première Nation d'Alderville |h[ressource électronique]. |
| 260 | |a[Gatineau, Québec] : |bEnvironnement et Changement climatique Canada, |c[2017]. |
| 300 | |a[1] p. |
| 500 | |aPubl. aussi en anglais sous le titre : Enhancing the outreach capacity and engaging traditional plant knowledge in the Alderville First Nation Black Oak Savana. |
| 500 | |aTitre de départ. |
| 500 | |a« Fonds autochtone pour les espèces en péril - Volet sur la prévention. » |
| 692 | 07|2gccst|aHabitat |
| 692 | 07|2gccst|aConservation de la nature |
| 710 | 2 |aService canadien de la faune. |
| 775 | 08|tEnhancing the outreach capacity and engaging traditional plant knowledge in the Alderville First Nation Black Oak Savana |w(CaOODSP)9.834739 |
| 856 | 40|qPDF|s333 Ko|uhttps://publications.gc.ca/collections/collection_2017/eccc/CW66-548-2017-fra.pdf |